STN EN 17821: 2024 (13 5807), Armatúry v budovách. Mrazuvzdorné armatúry na vonkajšie používanie. Všeobecné technické podmienky

Táto slovenská technická norma je slovenskou verziou európskej normy EN 17821: 2023. Preklad zabezpečil Úrad pre normalizáciu, metrológiu a skúšobníctvo Slovenskej republiky. STN EN 17821 má rovnaké postavenie, ako majú oficiálne verzie

Bibliographic Details
Other Authors: Rypák, Rudolf (Translator)
Format: Book
Language:Slovak
English
PhysicalDescription:24 strán obrázky, tabuľky, vzorce 30 cm
Published: Bratislava Úrad pre normalizáciu, metrológiu a skúšobníctvo Slovenskej republiky 2024
Subjects:

MARC

LEADER 00000cam a2200000 a 4500
001 vtls012252099
003 SK-MaSNL
005 20260302073252.0
008 240306s2024 xo al f nu 000 0 slo
015 |a SNBN2024 
040 |a SNK  |b slo  |c SNK  |e AACR2 
041 1 |a slo  |h eng 
044 |a xo  |c SK 
046 |a s  |m 20240301 (účin.) 
072 7 |a 621  |x Strojárstvo  |2 konspekt 
080 |a 621.646  |2 2011 
080 |a 006.7/.8  |2 2011 
080 |a (437.6)  |2 2011 
080 |a (4)  |2 2011 
084 |a 23.060.01  |2 ICS 
084 |a 91.140.60  |2 ICS 
130 0 |a STN 13 5807 (STN EN 17821)  |9 737476 
245 1 0 |a STN EN 17821: 2024 (13 5807), Armatúry v budovách. Mrazuvzdorné armatúry na vonkajšie používanie. Všeobecné technické podmienky 
246 1 0 |a Armatúry v budovách 
246 1 0 |a Mrazuvzdorné armatúry na vonkajšie používanie 
246 1 0 |a Všeobecné technické podmienky 
246 3 0 |a EN 17821: 2023 SK 
260 |a Bratislava  |b Úrad pre normalizáciu, metrológiu a skúšobníctvo Slovenskej republiky  |c 2024 
300 |a 24 strán  |b obrázky, tabuľky, vzorce  |c 30 cm 
500 |a Súbežný názov v angličtine, francúzštine, nemčine 
500 |a Spracovateľ: Rudolf Rypák - EMITA ... Piešťany 
500 |a Táto slovenská technická norma nahrádza anglickú verziu STN EN 17821 z októbra 2023 v celom rozsahu 
500 |a Dátum účinnosti opravy normy AC: október 2024 
504 |a Normatívne referenčné dokumenty, súvisiace právne predpisy na strane 2 a bibliografia na strane 24 
520 8 |a Táto slovenská technická norma je slovenskou verziou európskej normy EN 17821: 2023. Preklad zabezpečil Úrad pre normalizáciu, metrológiu a skúšobníctvo Slovenskej republiky. STN EN 17821 má rovnaké postavenie, ako majú oficiálne verzie 
540 |a STN vydané na akomkoľvek nosiči sa môžu rozmnožovať a rozširovať iba so súhlasom určenej právnickej osoby  |b SÚTN Bratislava  |c zákon 60/2018 Z. z. 
650 0 7 |a armatúry  |2 SNKPH  |9 17690 
650 0 7 |a technické normy a štandardy  |z Slovensko  |2 SNKPH  |9 79594 
650 0 7 |a technické normy a štandardy  |z krajiny Európskej únie  |2 SNKPH  |9 289341 
650 0 7 |a potrubia  |2 SNKPH  |9 14318 
650 0 7 |a Armatures  |2 SNKPHeng  |9 320818 
655 7 |a normy  |2 SNKPH  |9 70643 
700 1 |a Rypák, Rudolf  |4 trl  |9 303044 
710 1 |a Slovensko.  |b Úrad pre normalizáciu, metrológiu a skúšobníctvo  |4 stn  |9 158117 
710 2 |a Slovenský ústav technickej normalizácie (Bratislava, Slovensko).  |b Technická komisia č. 1 Vodovody a kanalizácie  |4 stn  |9 306998 
710 2 |a EMITA (Piešťany, Slovensko)  |4 stn  |9 166433 
774 1 8 |t STN EN 17821/AC: 2024  |d Bratislava : Úrad pre normalizáciu, metrológiu a skúšobníctvo Slovenskej epubliky, 2024  |w vtls012264624 
958 |a OP 
958 |a NB 
999 |c 1160160  |d 1162090 
952 |a SNK  |b SNK  |y PREZ  |7 0  |p 17A1537707  |o snkSTN EN 17821  |i snk2024/17408  |8 0  |0 0  |1 0  |4 0  |d 2024-11-17  |l 0  |r 2026-02-24 20:30:34  |w 2026-02-24